00889nam a2200277 4500003000400000005001700004008004100021020001500062040001800077041001400095050001700109100003900126245012900165264002700294300002800321336002200349337002400371338002400395500003400419650002000453650003300473700004200506710003500548942001100583999001700594OSt20260601193527.0260420b2007 sp a|||| |||| 00| 0 eng d a8496429318 aICIbspacICI aengh spa a NK1510bC35 aCalmettes, Julien Martinez,935921 1aPure designbobjects of desire cedited by Josep Maria Minguet ; text by Julien Martinez Calmettes ; tr., Babyl traducciones bMonsac2007aBarcelona a249 páginasc26.3 cm. atexto2rdacontent asin medio2rdamedia avolumen2rdacarrier aTexto en inglés y español aDiseño935922 aComunicación visual935923 aMinguet, Josep Maríaeeditor935924 aBabyl traduccionesetr.935925 2ddccB c21223d21223